00598nam a2200193Ia 4500008004100000020001300041082001500054100002500069245003900094250000700133260004200140300002500182500000700207600003300214650002400247942000700271952010900278999001700387240925s9999 xx 000 0 und d a47960833 a796.35 DOU aDouglas, Christopher 0aDouglas Jardine: spartan cricketer aNA aLondon:bGeorge Allen & Unwinc,1984. a143p.bN.AfOriginal aNA aHumanities & Natural Science aArts and Recreation cBK 001040708HUMaUITUbUITUd2012-12-18eGiftl0o796.35 DOUpQ9519r2024-09-25 07:15:21w2024-09-25yBK c12018d12018